[Event "Prague Cup"]
[Site "Prague"]
[Date "2007.10.09"]
[Round "1"]
[White "Erneker, Josef"]
[Black "Ptak, Pavel"]
[Result "1-0"]
[WhiteElo "2217"]
[BlackElo "2137"]
[PlyCount "99"]
[EventDate "2007.10.09"]
[EventType "swiss"]
[EventRounds "9"]
[EventCountry "CZE"]
[SourceTitle "EXT 2010"]
[Source "ChessBase"]
[SourceDate "2010.11.25"]
[SourceVersion "1"]
[SourceVersionDate "2010.11.25"]
[SourceQuality "1"]

1. c4 e5 2. Nc3 Nf6 3. g3 Bc5 4. Bg2 0-0 5. e3 c6 6. Nge2 d5 7. d4 exd4 8. exd4 Bb4 9. cxd5 Nxd5 10. 0-0 Be6 11. Ne4 Nd7 12. Nf4 Nxf4 13. Bxf4 Bc4 14. Bg5 f6 15. Bf4 Nb6 16. Nc5 g5 17. Be3 Bxc5 18. dxc5 Bxf1 19. Qxf1 Nd5 20. Qc4 Kg7 21. Bd4 Qd7 22. Rd1 Rad8 23. Bc3 Qf7 24. Ba5 b6 25. cxb6 Nxb6 26. Qxf7+ Kxf7 27. Rc1 Rfe8 28. Bxc6 Re5 29. Bc3 Re6 30. Bf3 Kg6 31. h4 h5 32. hxg5 fxg5 33. Ba5 Rc8 34. Rd1 g4 35. Bb7 Rc7 36. Ba6 Rd7 37. Rc1 Red6 38. Kg2 Rf7 39. Bb4 Rdd7 40. Bb5 Rd8 41. Re1 h4 42. gxh4 Nd5 43. Bc5 Nf4+ 44. Kg3 Rf5 45. b4 Nh5+ 46. Kxg4 Rf4+ 47. Kh3 Nf6 48. Rg1+ Kf7 49. Ba4 Rh8 50. Bb3+ 1-0